Saskatoon John G. Diefenbaker Int. Destinations (Saskatoon, Canada) - Statistics

General Stats
  • This quiz has been taken 37 times
    9 since last reset
  • The average score is 11 of 21
Answer Stats
Airline Destination % Correct
WestJet/WestJet Encore Calgary
100%
WestJet Encore Edmonton
100%
Air Canada Express Montréal (Trudeau)
100%
Air Canada Rouge/Porter Airlines/WestJet Toronto (Pearson)
100%
Air Canada Express/WestJet Vancouver
100%
WestJet Encore Winnipeg
100%
WestJet Halifax
75%
WestJet Minneapolis/St. Paul
75%
WestJet Cancún
63%
WestJet Las Vegas
63%
Air Canada Express Regina
63%
WestJet Encore Kelowna
50%
WestJet Phoenix (Sky Harbor)
50%
WestJet Puerto Vallarta
38%
Rise Air Prince Albert
25%
Rise Air La Ronge
13%
Rise Air Stony Rapids
13%
Rise Air Uranium City
13%
Rise Air Fond-du-Lac
0%
Rise Air Points North
0%
Rise Air Wollaston
0%
No matching quizzes found
Score Distribution
Percent of People with Each Score
Percentile by Number Answered
Your Score History
You have not taken this quiz since the last reset